| 000 | 00514nam a2200169 4500 | ||
|---|---|---|---|
| 005 | 20260309152603.0 | ||
| 008 | 260309b |||||||| |||| 00| 0 eng d | ||
| 020 | _a978-93-95664-36-3 | ||
| 041 | _aMarathi | ||
| 082 | _aX 891 HEB B12267 | ||
| 100 |
_aहेबाळकर, शरद _9216871 |
||
| 245 | _aभारतीय संस्कृतीचा विश्वसंचार | ||
| 260 |
_aPune _bBharatiya Vichar Sadhana _c2023 |
||
| 300 |
_a288p _bpb |
||
| 365 |
_aRupaye _b300 _cINR |
||
| 942 | _cBK | ||
| 999 |
_c370616 _d370616 |
||